000 00734nam a2200217Ia 4500
003 GCL
008 140319s9999 xx 000 0 ara d
040 _aGCL /
_cGCL
082 0 4 _a414
_bع ب
100 1 _aعبدالعاطى غريب على علام
245 1 0 _aالبلاغة العربية بين الناقدين الخالدين ( عبد القاهر الجرجانى وابن سنان الخفاجى ) /
_cعبدالعاطى غريب على علام
260 _a[S.N] :
_bدار الجيل ،
_c1993
300 _a416 ص
490 _a
650 0 4 _aالبلاغة العربية
650 0 4 _aالمعانى
650 0 4 _aالبيان
650 0 4 _aالفصاحة
650 0 4 _aالاسلوب
942 _2ddc
_cBK
999 _c27723
_d27723